| 000 | 01124nam a2200229Ii 4500 | ||
|---|---|---|---|
| 003 | JO-AjNU | ||
| 005 | 20240623131231.0 | ||
| 008 | 230605s9999||||xx |||||||||||||| ||und|| | ||
| 040 |
_aJO-AjNU _bara _erda _cJO-AjNU |
||
| 041 | _aara | ||
| 100 |
_aالرقيبات، عبير محمد قاسم _964861 _eمعد |
||
| 245 |
_aأثر هيكل الملكية على الأداء في الشركات المساهمة العامة الصناعية الأردنية : دراسة تطبيقية = The Impact of Ownership Structure on Performance of Jordanian Industrial Corporation : An Empirical Study _c / اعداد عبير محمد قاسم الرقيبات ؛ اشراف تركي راجي الحمود |
||
| 260 |
_a _c2018 |
||
| 300 | _a139 ورقه | ||
| 336 |
_atext _btxt _2rdacontent |
||
| 337 |
_aunmediated _bn _2rdamedia |
||
| 338 |
_avolume _bnc _2rdacarrier |
||
| 500 | _aرساله جامعية (ماجستير) - جامعة اليرموك، 2018 | ||
| 650 | _vالشركات المساهمة-محاسبة-اداره-الأردن | ||
| 700 |
_aتركي راجي الحمود _964758 _eمشرف |
||
| 942 |
_2lcc _cTHS |
||
| 999 |
_c33040 _d33040 |
||